Central Library and Information Centre
Sibsagar Girls' College, Sivasagar : Assam

ENGLISH LANGUAGE TEACHING : NORTH EAST PERSPECTIVES (Record no. 12074)

MARC details
000 -LEADER
fixed length control field 00558cam a2200193ua 4500
008 - FIXED-LENGTH DATA ELEMENTS--GENERAL INFORMATION
fixed length control field 170321n II |||gr||||Z||||||eng
040 ## - CATALOGING SOURCE
Original cataloging agency MAIN
041 ## - LANGUAGE CODE
-- English
082 ## - DEWEY DECIMAL CLASSIFICATION NUMBER
Classification number 420 MIL
245 ## - TITLE STATEMENT
Title ENGLISH LANGUAGE TEACHING : NORTH EAST PERSPECTIVES
250 ## - EDITION STATEMENT
Edition statement 1ST.
260 ## - PUBLICATION, DISTRIBUTION, ETC.
Place of publication, distribution, etc. GUWAHATI:
Name of publisher, distributor, etc. PERFECT IMAGERS ,
Date of publication, distribution, etc. 2014.
300 ## - PHYSICAL DESCRIPTION
Extent 131:
Dimensions 20CM.
500 ## - GENERAL NOTE
General note Donated by Dilip Kr.Chakravarty ,Ex.Prof.Deptt. Political Science - 14.11.2016
700 ## - ADDED ENTRY--PERSONAL NAME
Personal name MILI, SHIV PRASAD,
Relator term EDITOR.
942 ## - ADDED ENTRY ELEMENTS (KOHA)
Koha item type Books
653 ## - INDEX TERM--UNCONTROLLED
Uncontrolled term English & Old English
Holdings
Withdrawn status Lost status Damaged status Not for loan Collection code Home library Current library Shelving location Date acquired Full call number Barcode Date last seen Copy number Price effective from Koha item type Public note
        TBENG Central Library and Information Centre Sibsagar Girls College Central Library and Information Centre Sibsagar Girls College ENGLISH BOOK RACK 11.09.1989 420 MIL 10306 27.02.2020 1 27.02.2020 Books V


Sibsagar Girl's College © 2020. All rights reserved.
Powered by Koha.
Maintained by Abhijit Borpuzari.